This week's most popular songs in the world. Spotify 06/25/21-07/01/21 - Statistics

General Stats
  • This quiz has been taken 8 times
  • The average score is 6 of 30
Answer Stats
Artist Streams Song % Correct
Olivia Rodrigo 52.95M good 4 u
75%
Dua Lipa, DaBaby 27.38M Levitating
50%
Masked Wolf 18.44M Astronaut In The Ocean
38%
The Weeknd 15.65M Blinding Lights
38%
Olivia Rodrigo 18.35M drivers license
38%
BTS 25.38M Butter
25%
Bad Bunny, Jhay Cortez 13.40M DÁKITI
25%
Doja Cat, SZA 34.48M Kiss Me More
25%
Bruno Mars, Anderson .Paak, Silk Sonic 17.81M Leave The Door Open
25%
Lil Nas X 35.52M MONTERO (Call Me By Your Name)
25%
Justin Bieber, Daniel Caesar, Giveon 24.92M Peaches
25%
The Weeknd, Ariana Grande 21.10M Save Your Tears (Remix)
25%
Rauw Alejandro 36.33M Todo De Ti
25%
Olivia Rodrigo 20.15M traitor
25%
Maneskin 43.95M Beggin'
13%
Bella Poarch 15.04M Build a Bitch
13%
Olivia Rodrigo 24.87M deja vu
13%
Olivia Rodrigo 14.97M favorite crime
13%
Riton, Nightcrawlers, Mufasa, Hypeman 16.65M Friday
13%
Olivia Rodrigo 19.33M happier
13%
Maneskin 26.69M I WANNA BE YOUR SLAVE
13%
Bad Bunny 34.49M Yonaguni
13%
Nio Garcia, J Balvin, Bad Bunny 23.43M AM Remix
0%
Ed Sheeran 33.87M Bad Habits
0%
Wisin, Jhay Cortez, Anuel AA, Los Legendarios, Myke Towers 13.82M Fiel - Remix
0%
Sebastian Yatra, Myke Towers 16.06M Pareja Del Año
0%
J Balvin, Maria Becerra 25.15M Qué Más Pues?
0%
Polo G 15.29M RAPSTAR
0%
Tyler, The Creator, Youngboy Never Broke Again, Ty Dolla $ign 17.22M WUSYANAME
0%
Doja Cat, The Weeknd 22.99M You Right
0%
No matching quizzes found
Score Distribution
Percent of People with Each Score
Percentile by Number Answered
Your Score History
You have not taken this quiz